LEADER 00861cam0 2200265 450 001 E600200058002 005 20160421153439.0 100 $a20091223d1972 |||||ita|0103 ba 101 $aita 102 $aIT 200 1 $aTriobolo$fEva Canterella 210 $aTorino$cUnione Tipografico-Editrice Torinese$dstampa 1972 215 $a5 p.$d20 cm 300 $a(mm) 300 $aEstr. da: Novissimo digesto italiano 700 1$aCantarella$b, Eva$3AF00011403$4070$0144284 801 0$aIT$bUNISOB$c20160421$gRICA 850 $aUNISOB 852 $aUNISOB$jFondo|Casavola|Opusc$m148253 912 $aE600200058002 940 $aM 102 Monografia moderna SBN 941 $aM 957 $aFondo|Casavola|Opusc$b000097$gSi$d148253$hCasavola$rdono$1menle$2UNISOB$3UNISOB$420091223105942.0$520160421153439.0$6petrellap 996 $aTriobolo$91707280 997 $aUNISOB